000 00825nam a2200181 a 4500
001 39673
005 20180714013309.0
008 140415s2001 mx 000 0 spa d
020 _a970665086X
041 _aspa
082 _a657.45
_bNOR
245 0 0 _aNORMAS INTERNACIONALES DE AUDITORIA :
_bPRONUNCIAMIENTOS TECNICOS
250 _a6a ed.
260 _aMEXICO :
_bINSTITUTO MEXICANO DE CONTADORES PUBLICOS,
_c2001
300 _a732
_cx 16 x 22
520 _aESTE LIBRO SE CONSTITUYE COMO UNA HERRAMIENTA DEL CONTADOR PUBLICO EN LA PRACTICA DE LA AUDITORIA, ES TAN UTIL POR SU CO NTENIDO ACTUALIZADO , COMO PUEDE SER DE NORMAS Y PROCEDIMIENTOS DE AUDITORIA DE LA COMPA SDEL IMCP. QUE EL AUDITOR DEBE PRESENTAR COMO PRODUCTO DE SU TRABAJO DE AUDITORIA EN EL AMBIENTE INTERNACIONAL.
650 1 4 _aAUDITORIA
999 _c39673
_d39673